000
00299nam a22001217a 4500
008
260424b |||||||| |||| 00| 0 eng d
082
_a
001345
100
_a
Shastri, Jagadishlal
245
_a
Kumarasambhava Mahakavyam
260
_a
Delhi
_b
Motilal Banarasidass
_c
2021
300
_a
326p
942
_2
ddc
999
_c
1328
_d
1328